Culture Générale - Série 726 - Statistiques

Statistiques générales
  • Ce quiz a été pris 180 fois
  • Le résultat moyen est 6 sur 10
Statistiques - réponses
Question Réponse % Correct
Quel pays d'Europe est à la fois le voisin de la Finlande et de la Suède ? Norvège
96%
En argot, à quelle partie du corps se rapportent les mots "nougats" et "panards" ? pieds
95%
En 1990, quel acteur incarne Cyrano de Bergerac dans un film de Jean-Paul Rappeneau ? Gérard Depardieu
91%
Après combien d'années de mariage fête-t-on ses noces de platine ? 70
71%
Quelle ville a été conquise par les croisés, le 15 juillet 1099, à la fin de la première croisade ? Jérusalem
71%
Quel artiste florentin a peint les tableaux "Le Printemps" et "La Naissance de Vénus" au XVe siècle ? Sandro Botticelli
55%
Complétez le titre du roman de André Gide, "La symphonie ... pastorale
53%
En 2009, quel réalisateur met en scène Brad Pitt dans le film : "Inglorious Basterds" ? Quentin Tarantino
51%
Dans le Finistère, quelle baie au nom inquiétant sépare la pointe du Raz de la pointe de Van ? La baie des Trépassés
14%
Complétez le titre du film réalisé en 1987 par Mel Brooks, "La folle histoire de ... l'espace
12%
Aucun quiz correspondant
Distribution des résultats
% des personnes avec chaque résultat
Percentile par nombre de réponses
Votre historique - résultats
Vous n’avez pas pris ce quiz